Statistiken für Größte Flughäfen Europas

Klicken Sie hier um das Quiz zu spielen!

Allgemein

  • Dieses Quiz wurde 6.285 mal gespielt
  • Das Durchschnittsergebnis liegt bei 38 aus 50

Antwortstatistiken

#Stadt% Korrekt
75.7 Mio.London (Heathrow)
99%
24.3 Mio.London (Stansted)
99%
14.6 Mio.London (Luton)
99%
43.1 Mio.London (Gatwick)
99%
65.9 Mio.Paris (Charles de Gaulle)
98%
31.2 Mio.Paris (Orly)
98%
60.8 Mio.Frankfurt
96%
50.4 Mio.Madrid
96%
41.7 Mio.Rom
95%
11.7 Mio.Berlin (Schönefeld)
94%
21.3 Mio.Berlin (Tegel)
94%
42.7 Mio.München
94%
13.9 Mio.Moskau (Wnukowo)
91%
44.1 Mio.Barcelona
91%
33.7 Mio.Moskau (Domodedowo)
91%
28.5 Mio.Moskau (Scheremetjewo)
91%
23.4 Mio.Wien
90%
24.7 Mio.Stockholm
89%
63.6 Mio.Amsterdam
89%
25.8 Mio.Oslo
89%
12.8 Mio.Warschau
86%
16.2 Mio.Hamburg
86%
22.5 Mio.Lissabon
84%
20.0 Mio.Athen
83%
11.2 Mio.Mailand (Orio al Serio)
81%
9.7 Mio.Mailand (Linate)
81%
19.4 Mio.Mailand (Malpensa)
81%
21.8 Mio.Brüssel
81%
60.1 Mio.Istanbul (Atatürk)
80%
27.9 Mio.Dublin
80%
29.6 Mio.Istanbul (Sabiha Gökçen)
80%
17.2 Mio.Helsinki
79%
11.9 Mio.Köln / Bonn
79%
29.0 Mio.Kopenhagen
79%
13.1 Mio.Prag
78%
27.7 Mio.Zürich
77%
11.4 Mio.Budapest
73%
23.5 Mio.Düsseldorf
72%
13.3 Mio.Sankt Petersburg
66%
25.6 Mio.Manchester
64%
11.0 Mio.Bukarest
63%
10.6 Mio.Stuttgart
62%
26.3 Mio.Palma de Mallorca
51%
12.3 Mio.Edinburgh
39%
11.6 Mio.Birmingham
39%
16.5 Mio.Genf
36%
9.6 Mio.Venedig
36%
12.4 Mio.Nizza
32%
16.7 Mio.Málaga
19%
12.3 Mio.Alicante
8%

Verteilung der Resultate

Perzentil nach korrekt beantworteten Fragen

Anzahl Personen mit jedem Resultat

Ihre Resultats-Entwicklung

Sie haben dieses Quiz noch nicht gespielt